| 000 | 00743nam a2200193Ia 4500 | ||
|---|---|---|---|
| 001 | 9770 | ||
| 003 | GE_BSU | ||
| 008 | 181216s||||||||xx |||||||||||||| ||und|| | ||
| 040 | _cGE_BSU | ||
| 080 | _a821.353.1–94 | ||
| 245 | _aმამულიშვილი:[მემედ აბაშიძე] | ||
| 245 | _cშემდგ.ალ.სამსონია.რედ. ლ.ბეჟანიძე.მხატვ.ა.ლომაძე | ||
| 260 | _aბათუმი | ||
| 260 | _bსაბჭოთა აჭარა | ||
| 260 | _c1986 | ||
| 300 | _a64გვ.ფოტო პორტრ.გარე კანზე 17სმ. | ||
| 653 | _aმამულიშვილი:[მემედ აბაშიძე] | ||
| 942 | _cBK | ||
| 999 |
_c43050 _d43050 |
||